Η γονική αποδοχή ο ρυθμιστικός ρόλος της συναισθηματικής νοημοσύνης ; διπλωματική εργασία [μεταπτυχιακή εργασία]

Αποθηκεύτηκε σε:
Λεπτομέρειες βιβλιογραφικής εγγραφής
Κύριος συγγραφέας: Σδόγκου, Κωνσταντίνα
Συγγραφή απο Οργανισμό/Αρχή: Πανεπιστήμιο Αιγαίου Σχολή Ανθρωπιστικών Επιστημών Τμήμα Επιστημών της Προσχολικής Αγωγής και του Εκπαιδευτικού Σχεδιασμού Πρόγραμμα Μεταπτυχιακών Σπουδών Φύλο και Νέα Εκπαιδευτικά και Εργασιακά Περιβάλλοντα στην Κοινωνία της Πληροφορίας
Μορφή: Thesis Βιβλίο
Γλώσσα:Greek
Δημοσίευση: 2016.
Θέματα:
Διαθέσιμο Online:http://hdl.handle.net/11610/24112
Ετικέτες: Προσθήκη ετικέτας
Δεν υπάρχουν, Καταχωρήστε ετικέτα πρώτοι!

MARC

LEADER 00000cam a2200000 a 4500
001 1/112004
008 160920s2016####gr | ||| |||| ||gre||
040 |a GR-MyUa  |b gre  |c GR-MyUa  |e AACR2 
041 0 |a gre 
082 7 |a 152.4   |2 (23) 
100 1 |a Σδόγκου, Κωνσταντίνα. 
245 1 2 |a Η γονική αποδοχή/απόρριψη και οι μέθοδοι διαπαιδαγώγησης :   |b ο ρυθμιστικός ρόλος της συναισθηματικής νοημοσύνης ; διπλωματική εργασία [μεταπτυχιακή εργασία] /   |c Σδόγκου Κωνσταντίνα ; επιβλέπων καθηγητής: Τσαούσης Ιωάννης.  
260 |c 2016.  
300 |a 80 σ. :   |b πίν., διαγρ. ;   |c 30 εκ.  
500 |a Μέλη εξεταστικής επιτροπής: Ρούσσος Πέτρος, Βρυωνίδης Μάριος.  
502 |a Διατριβή (μεταπτυχιακή) – Πανεπιστήμιο Αιγαίου, Ρόδος, 2016. 
504 |a Βιβλιογραφία: σ. 67-80.  
506 1 |a Διάθεση μόνο λέξεων κλειδιών - περιλήψεων.  
650 0 |a Emotions in children. 
650 0 |a Parenting. 
650 0 |a Child rearing. 
650 0 |a Emotions in adolescence. 
650 0 |a Emotions  |x Social aspects. 
650 0 |a Emotions and cognition. 
700 1 |a Τσαούσης, Γιάννης Βασ.  |e dgs 
710 1 |a Πανεπιστήμιο Αιγαίου   |b Σχολή Ανθρωπιστικών Επιστημών   |b Τμήμα Επιστημών της Προσχολικής Αγωγής και του Εκπαιδευτικού Σχεδιασμού   |b Πρόγραμμα Μεταπτυχιακών Σπουδών Φύλο και Νέα Εκπαιδευτικά και Εργασιακά Περιβάλλοντα στην Κοινωνία της Πληροφορίας. 
852 |a INST  |b RHODES  |c DIATR  |e 20160919  |h 152.4 ΣΔΟ  |p 005400038701  |q 005400038701  |t MTXE  |y 23 
856 |u http://hdl.handle.net/11610/24112 
924 |a Σδόγκου   |b Κωνσταντίνα   |y Ρόδος  |z 2016-05  
970 |z 20-09-2016